000 01024nam a22002777a 4500
003 OSt
005 20210223154700.0
008 210223s1990 ck ||||jr|||| 00| f spa d
020 _a9788467457179
_qObra completa
020 _a9788467457216
040 _aCO-JMCR
_cCO-JMCR
041 1 _aspa
_heng
082 0 4 _aN /
_bSTEi
_223
100 1 _aStevenson, Robert Louis,
_eautor
_9783
245 1 3 _aLa isla del tesoro /
_cR. L. Stevenson ; traducción, Agustín Calvet "Gaziel"
260 _aBogotá :
_bPlaneta,
_c1990
300 _a330 páginas :
_bilustraciones a blanco y negro ;
_c16 cm.
490 0 _aClásicos universales
500 _aTítulo original: Treasure Island
505 0 _aEl viejo pirata -- El cocinero de a bordo -- Mi aventura en la isla -- La palanca -- Mi aventura por mar -- El capitán Silver
546 _aTraducido del inglés
650 1 4 _aNovela inglesa
_ySiglo XIX
_913834
650 1 4 _aHistorias de aventuras
_913835
700 1 _aCalvet , Agustín,
_etraductor
_913836
942 _2ddc
_cBK
999 _c7301
_d7301